书目信息 |
| 题名: |
电子线路法声成像
|
|
| 作者: | 哈尔姆斯 著 ;姬树森 , 郑德连 译 | |
| 分册: | ||
| 出版信息: | 北京 国防工业出版社 1983.10 |
|
| 页数: | 238页 | |
| 开本: | 20cm | |
| 丛书名: | ||
| 单 册: | ||
| 中图分类: | TB57 | |
| 科图分类: | ||
| 主题词: | 光声工程 | |
| 电子资源: | ||
| ISBN: | ||
| 000 | 00620nam0 2200217 45 | |
| 001 | 0312221749 | |
| 005 | 20031222170908.3 | |
| 010 | @dCNY1.15 | |
| 100 | @a20031222d1983 km y0chiy0120 ea | |
| 101 | @achi | |
| 105 | @a z 000yy | |
| 200 | 1 | @a电子线路法声成像@ADian Zi Xian Lu Fa Sheng Cheng Xiang@f(美)哈尔姆斯著@F(Mei)Ha Er Mu Si Zhu@g姬树森,郑德连译 |
| 210 | @a北京@c国防工业出版社@d1983.10 | |
| 215 | @a238页@d20cm | |
| 606 | 0 | @a光声工程 |
| 690 | @aTB57@v3 | |
| 701 | 0 | @a哈尔姆斯@4著 |
| 702 | 0 | @a姬树森@4译 |
| 702 | 0 | @a郑德连@4译 |
| 801 | @aCN@bTSTCL@c20031222 | |
| 905 | @a213230@dTB57@e36@b98553-554@f2 | |
| 电子线路法声成像/(美)哈尔姆斯著/姬树森,郑德连译.-北京:国防工业出版社,1983.10 |
| 238页;20cm |
| ISBN :CNY1.15 |
| ● |
| 相关链接 |
|
|
|
|
正题名:电子线路法声成像
索取号:TB57/36
 
预约/预借
| 序号 | 登录号 | 条形码 | 馆藏地/架位号 | 状态 | 备注 |
| 1 | 0098553 | 001358532 | 第三借阅区/ [索取号:TB57/36] | 在馆 | |
| 2 | 0098554 | 001358499 | 第二样本阅览室/ [索取号:TB57/36] | 在馆 |